000 01026nam0a22002411 4500
001 rc\4184969
005 20250611011045.0
021 _aRU
_b[53-42748]
035 _a(NLR Aleph) 008002488
090 _a8648683
_c8648683
100 _a20130415d1953 |||y0rusy50 ca
101 0 _arus
102 _aRU
105 _ay d |||||
200 1 _aИсследование импульсной прочности комбинированной изоляции линии передачи на деревянных опорах
_eАвт. реферат дис. на соискание учен. степени кандидата техн. наук
_fМ-во культуры СССР. Ленингр. политехн. ин-т им. М.И. Калинина
210 _aЛенинград
_cБ. и.
_d1953
215 _a8 с.
_d20
700 1 _aХоберг
_bВ.А.
_gВалентин Александрович
801 0 _aRU
_bNLR
_gpsbo
801 1 _aRU
_bELAR
_2rusmarc
852 _aNLR
_jТ20 Г-4/1518
942 _cBOOK
980 _aNB